Statistics for sophie quiz

Click here to take the quiz!

General Stats

  • This quiz has been taken 4 times
  • The average score is 9 of 15

Answer Stats

HintAnswer% Correct
how much older is jaclyn than me10 years
100%
how many years was i homeschooled13
100%
how old was i when i graduated high school17
100%
what city was i born inanniston
100%
what is my favorite taylor swift albumred
100%
what is my favorite movieferris bueller's day off
67%
where do i workjule collins smith museum
67%
my favorite coffee shopside track
67%
what kind of car do i drivetoyota camry
67%
my go to coffee ordercappuccino
33%
what is my evil pawpaw's nameeddie henegar
33%
what is my favorite christmas songhave yourself a merry little christmas
33%
what is my favorite part about auburn footballthe fight song
33%
which class do i have in dudleyarchitecture
0%
who is my second favorite artistphoebe bridgers
0%

Score Distribution

Percentile by Number Answered

Percent of People with Each Score

Your Score History

You have not taken this quiz